[Event "Guingamp op 14th"]
[Site "Guingamp"]
[Date "2010.02.23"]
[Round "5"]
[White "Leon Hoyos, Manuel"]
[Black "Folkeringa, Richard"]
[Result "1-0"]
[WhiteElo "2525"]
[BlackElo "2025"]
[PlyCount "43"]
[EventDate "2010.02.19"]
[EventType "swiss"]
[EventRounds "9"]
[EventCountry "FRA"]
[SourceTitle "CBM 135 Extra"]
[Source "ChessBase"]
[SourceDate "2010.05.04"]
[SourceVersion "1"]
[SourceVersionDate "2010.05.04"]
[SourceQuality "1"]

1. e4 c5 2. Nf3 Nc6 3. d4 cxd4 4. Nxd4 Nf6 5. Nc3 d6 6. Bg5 e6 7. Qd2 Be7 8. 0-0-0 a6 9. f4 Qc7 10. Be2 Bd7 11. Nb3 Rd8 12. Bxf6 gxf6 13. Bh5 b5 14. f5 0-0 15. Qh6 Ne5 16. Nd4 b4 17. fxe6 Bxe6 18. Nf5 Bxf5 19. Nd5 Qc4 20. b3 Qxe4 21. Rhe1 Ng4 22. Qd2 1-0